000
002920000a22000970004500
100
1
_a
Staley, Jeffrey L.
245
1
0
_a
Changing woman : Postcolonial reflections on Acts 16.6-40
300
_a
Núm 73 (1999), Páginas 113-135
773
0
_t
Journal for the Study of the New Testament
942
_c
ANA
999
_c
56002
_d
56002